[Event "Novosibirsk Region-ch"]
[Site "Novosibirsk"]
[Date "2009.12.05"]
[Round "3"]
[White "Meleshin, Valery"]
[Black "Misyakov, Ilya"]
[Result "1/2-1/2"]
[WhiteElo "2092"]
[BlackElo "2046"]
[PlyCount "116"]
[EventDate "2009.12.04"]
[EventType "swiss"]
[EventRounds "9"]
[EventCountry "RUS"]
[SourceTitle "EXT 2011"]
[Source "ChessBase"]
[SourceDate "2010.11.26"]
[SourceVersion "1"]
[SourceVersionDate "2010.11.26"]
[SourceQuality "1"]

1. d4 Nf6 2. Nc3 d5 3. Bg5 e6 4. e4 dxe4 5. Nxe4 Be7 6. Bd3 Nbd7 7. Ne2 Nxe4 8. Bxe7 Qxe7 9. Bxe4 Nf6 10. Bf3 0-0 11. 0-0 c6 12. c3 e5 13. Re1 exd4 14. Nxd4 Qc7 15. h3 Bd7 16. Qd2 Rae8 17. Qg5 h6 18. Qd2 c5 19. Ne2 Bc6 20. Bxc6 Qxc6 21. Ng3 Rd8 22. Qf4 Rfe8 23. Nf5 Kf8 24. Rad1 Rxd1 25. Rxd1 b6 26. Nxg7 Kxg7 27. Rd6 Qe4 28. Qxf6+ Kg8 29. Rd7 Qb1+ 30. Kh2 Qxa2 31. Qxh6 Qe6 32. Qxe6 Rxe6 33. Rd2 b5 34. g4 Kg7 35. Kg3 a5 36. Rd5 Re2 37. Rxc5 Rxb2 38. c4 bxc4 39. Rxa5 c3 40. Rc5 Rc2 41. h4 Rc1 42. h5 c2 43. Kf4 Kh7 44. Kf5 Kg7 45. g5 Kh7 46. Rc7 Rh1 47. Rxc2 Rxh5 48. Kf6 Rh4 49. Rc5 Kg8 50. g6 fxg6 51. Kxg6 Rg4+ 52. Kf5 Ra4 53. f4 Ra6 54. Rc7 Rb6 55. Kg5 Ra6 56. f5 Rb6 57. Re7 Kf8 58. Rc7 Ra6 1/2-1/2

[Event "Novosibirsk Region-ch Seniors"]
[Site "Novosibirsk"]
[Date "2009.02.??"]
[Round "5"]
[White "Ezhov, Victor"]
[Black "Meleshin, Valery"]
[Result "0-1"]
[WhiteElo "2001"]
[BlackElo "2092"]
[PlyCount "94"]
[EventDate "2009.02.??"]
[EventType "swiss"]
[EventRounds "9"]
[EventCountry "RUS"]
[SourceTitle "EXT 2012"]
[Source "ChessBase"]
[SourceDate "2011.11.24"]
[SourceVersion "1"]
[SourceVersionDate "2011.11.24"]
[SourceQuality "1"]

1. c4 e6 2. Nf3 Nf6 3. g3 d5 4. d4 Bb4+ 5. Bd2 Bxd2+ 6. Nbxd2 0-0 7. Bg2 b6 8. 0-0 Nbd7 9. cxd5 exd5 10. Rc1 Ba6 11. Re1 Re8 12. b4 Qe7 13. e3 c5 14. Qa4 Bd3 15. bxc5 bxc5 16. dxc5 Rec8 17. Qa3 Bg6 18. Nb3 Ne4 19. Nfd4 Ne5 20. Qa6 Nxc5 21. Nxc5 Rxc5 22. Nb3 Bd3 23. Qa4 Rc4 24. Rxc4 Bxc4 25. Rd1 Rd8 26. Na5 h6 27. h3 Qc7 28. e4 Nd3 29. Qa3 Qb6 30. Rf1 Ne5 31. Nxc4 dxc4 32. Qa4 Qd4 33. Qc2 Nd3 34. Kh2 Rb8 35. Qa4 Nb2 36. Qa3 Nd3 37. e5 c3 38. e6 fxe6 39. Qe7 Qb6 40. Be4 Rd8 41. Kg2 c2 42. Qa3 c1Q 43. Rxc1 Qxf2+ 44. Kh1 Nxc1 45. Qxc1 Qe2 46. Qc2 Rd1+ 47. Qxd1 Qxd1+ 0-1

[Event "Novosibirsk Sukharev Memorial Seniors"]
[Site "Novosibirsk"]
[Date "2008.07.25"]
[Round "6"]
[White "Meleshin, Valery"]
[Black "Popova, Adelanda"]
[Result "1/2-1/2"]
[WhiteElo "2073"]
[BlackElo "1667"]
[PlyCount "110"]
[EventDate "2008.07.20"]
[EventType "swiss"]
[EventRounds "9"]
[EventCountry "RUS"]
[SourceTitle "EXT 2022"]
[Source "ChessBase"]
[SourceDate "2021.10.06"]
[SourceVersion "1"]
[SourceVersionDate "2021.10.06"]
[SourceQuality "1"]

1. e4 c5 2. Nf3 Nc6 3. Bb5 Qc7 4. 0-0 e6 5. c3 Be7 6. d4 cxd4 7. cxd4 Nf6 8. Re1 0-0 9. Nc3 a6 10. Ba4 b5 11. Bc2 d6 12. e5 dxe5 13. dxe5 Ne8 14. a3 Bb7 15. Qd3 g6 16. Bh6 Ng7 17. Rad1 Rad8 18. Qe2 Rxd1 19. Rxd1 Rd8 20. Rxd8+ Qxd8 21. Bxg7 Kxg7 22. Be4 Na5 23. Bxb7 Nxb7 24. b4 Qd7 25. Qd2 Qd8 26. Qd4 h6 27. h3 Qxd4 28. Nxd4 Bg5 29. Ne4 Bc1 30. Nc5 Nd8 31. Nd3 Bd2 32. Kf1 Bc3 33. Ne2 Ba1 34. f4 Nc6 35. Kf2 Nd4 36. Nxd4 Bxd4+ 37. Kf3 f5 38. exf6+ Kxf6 39. Ke4 Bb6 40. Ne5 Bc7 41. Nd7+ Ke7 42. Ne5 Kf6 43. Nc6 h5 44. g4 hxg4 45. hxg4 g5 46. fxg5+ Kxg5 47. Nd4 Kxg4 48. Nxe6 Bb6 49. Kd5 Be3 50. Nd4 Kf4 51. Nb3 Kf5 52. Kc6 Ke4 53. Nc5+ Kd4 54. Nxa6 Bc1 55. Nc7 Kc4 1/2-1/2

[Event "Novosibirsk-ch Seniors"]
[Site "Novosibirsk"]
[Date "2008.02.09"]
[Round "7"]
[White "Meleshin, Valery"]
[Black "Ignatov, Anatoly"]
[Result "0-1"]
[WhiteElo "2073"]
[BlackElo "1973"]
[PlyCount "96"]
[EventDate "2008.02.03"]
[EventType "swiss"]
[EventRounds "9"]
[EventCountry "RUS"]
[SourceTitle "EXT 2010"]
[Source "ChessBase"]
[SourceDate "2010.11.25"]
[SourceVersion "1"]
[SourceVersionDate "2010.11.25"]
[SourceQuality "1"]

1. d4 Nf6 2. Nc3 g6 3. e4 d6 4. Bg5 Bg7 5. Qd2 c6 6. Bh6 Bxh6 7. Qxh6 Qa5 8. f3 b5 9. Qd2 Nbd7 10. a3 Qb6 11. Nh3 Bb7 12. Nf2 Rd8 13. Be2 a6 14. Rd1 0-0 15. h4 e5 16. g4 exd4 17. Qxd4 Qxd4 18. Rxd4 Nc5 19. Nh3 Rfe8 20. Kf2 d5 21. exd5 cxd5 22. Nf4 Ne6 23. Nxe6 fxe6 24. f4 e5 25. fxe5 Rxe5 26. Bf3 Rf8 27. Kg2 Bc8 28. Nxd5 Nxd5 29. Bxd5+ Rxd5 30. Rhd1 Rxd4 31. Rxd4 Kf7 32. c4 Re8 33. Kf2 Re5 34. b4 bxc4 35. Rxc4 Bd7 36. Kf3 Bb5 37. Rc7+ Re7 38. Rc5 Ke6 39. Kf4 h6 40. Rc8 Rf7+ 41. Ke4 g5 42. Rh8 Rf6 43. h5 Be2 44. a4 Bxg4 45. b5 axb5 46. axb5 Bxh5 47. b6 Bf3+ 48. Kd4 Kf5 0-1

[Event "Novosibirsk-ch Seniors"]
[Site "Novosibirsk"]
[Date "2008.02.08"]
[Round "6"]
[White "Okladnikov, Gennady"]
[Black "Meleshin, Valery"]
[Result "1/2-1/2"]
[WhiteElo "2217"]
[BlackElo "2073"]
[PlyCount "36"]
[EventDate "2008.02.03"]
[EventType "swiss"]
[EventRounds "9"]
[EventCountry "RUS"]
[SourceTitle "EXT 2010"]
[Source "ChessBase"]
[SourceDate "2010.11.25"]
[SourceVersion "1"]
[SourceVersionDate "2010.11.25"]
[SourceQuality "1"]

1. e4 d5 2. exd5 Qxd5 3. Nc3 Qa5 4. d4 Nf6 5. Nf3 Bg4 6. h3 Bh5 7. Bd2 c6 8. Bc4 e6 9. Qe2 Nbd7 10. Bb3 Qc7 11. g4 Bg6 12. 0-0-0 Bd6 13. Kb1 0-0-0 14. Rhe1 Bf4 15. Nh4 Nb6 16. Bxf4 Qxf4 17. Qe3 Nbd5 18. Bxd5 Qxe3 1/2-1/2

[Event "Novosibirsk-ch Seniors"]
[Site "Novosibirsk"]
[Date "2008.02.07"]
[Round "5"]
[White "Meleshin, Valery"]
[Black "Bychkov, Leonid Fedorovich"]
[Result "1-0"]
[WhiteElo "2073"]
[BlackElo "1875"]
[PlyCount "65"]
[EventDate "2008.02.03"]
[EventType "swiss"]
[EventRounds "9"]
[EventCountry "RUS"]
[SourceTitle "EXT 2010"]
[Source "ChessBase"]
[SourceDate "2010.11.25"]
[SourceVersion "1"]
[SourceVersionDate "2010.11.25"]
[SourceQuality "1"]

1. e4 e5 2. Nf3 Nf6 3. Nc3 Nc6 4. Bb5 Bb4 5. d3 d6 6. Bg5 0-0 7. 0-0 Bxc3 8. bxc3 Qe7 9. h3 Nd8 10. Nh2 h6 11. Be3 Ne6 12. Bc4 c6 13. Bxe6 fxe6 14. Nf3 Bd7 15. Kh2 Nh7 16. g3 g5 17. g4 Rf7 18. Rg1 Nf8 19. h4 Ng6 20. hxg5 Rxf3 21. Qxf3 hxg5 22. Rg3 Rf8 23. Qe2 c5 24. Qd2 Nf4 25. Rh1 Kg7 26. Bxf4 exf4 27. Rh3 Rh8 28. Rxh8 Kxh8 29. Kg1+ Kg7 30. f3 Be8 31. Qh2 Kf6 32. Qh8+ Qg7 33. Qxe8 1-0

[Event "Novosibirsk-ch Seniors"]
[Site "Novosibirsk"]
[Date "2008.02.06"]
[Round "4"]
[White "Gavrilov, Gennady"]
[Black "Meleshin, Valery"]
[Result "1/2-1/2"]
[WhiteElo "2081"]
[BlackElo "2073"]
[PlyCount "69"]
[EventDate "2008.02.03"]
[EventType "swiss"]
[EventRounds "9"]
[EventCountry "RUS"]
[SourceTitle "EXT 2010"]
[Source "ChessBase"]
[SourceDate "2010.11.25"]
[SourceVersion "1"]
[SourceVersionDate "2010.11.25"]
[SourceQuality "1"]

1. e4 e5 2. Nf3 d6 3. d4 Nd7 4. Bc4 c6 5. dxe5 dxe5 6. 0-0 Be7 7. Re1 b5 8. Bb3 Ngf6 9. c4 a6 10. h3 0-0 11. Bg5 Qc7 12. Nbd2 Nc5 13. Rc1 Nd3 14. cxb5 axb5 15. Re3 Nxc1 16. Qxc1 c5 17. a4 bxa4 18. Bxf6 Bxf6 19. Bd5 Bb7 20. Rc3 Rfc8 21. Nc4 Bxd5 22. exd5 e4 23. d6 Qd8 24. Nfd2 Bxc3 25. Qxc3 Ra6 26. Nxe4 f5 27. Ne5 c4 28. Qd4 h6 29. d7 fxe4 30. Qd5+ Kh7 31. Qxe4+ g6 32. Qd5 Qg8 33. dxc8Q Qxd5 34. Qxa6 Qxe5 35. Qxc4 1/2-1/2

[Event "Novosibirsk-ch Seniors"]
[Site "Novosibirsk"]
[Date "2008.02.05"]
[Round "3"]
[White "Meleshin, Valery"]
[Black "Stepanenko, Leonid"]
[Result "1-0"]
[WhiteElo "2073"]
[BlackElo "1928"]
[PlyCount "131"]
[EventDate "2008.02.03"]
[EventType "swiss"]
[EventRounds "9"]
[EventCountry "RUS"]
[SourceTitle "EXT 2010"]
[Source "ChessBase"]
[SourceDate "2010.11.25"]
[SourceVersion "1"]
[SourceVersionDate "2010.11.25"]
[SourceQuality "1"]

1. e4 c5 2. Nf3 Nc6 3. Bb5 a6 4. Bxc6 bxc6 5. 0-0 d6 6. h3 g6 7. d4 cxd4 8. Qxd4 f6 9. Nc3 e5 10. Qc4 Qd7 11. Rd1 a5 12. Na4 Ba6 13. Qc3 Qc7 14. b3 Bb5 15. Nb2 Nh6 16. a4 Ba6 17. Nc4 Nf7 18. Be3 c5 19. Rd2 Bb7 20. Qd3 Qc6 21. Qd5 Qxd5 22. exd5 f5 23. Rdd1 Bg7 24. Rab1 e4 25. Ng5 Be5 26. Nxf7 Kxf7 27. Bxc5 dxc5 28. Nxe5+ Ke7 29. f3 exf3 30. Nxf3 Kd6 31. Ng5 Raf8 32. Ne6 Rf6 33. Nf4 Ke5 34. g3 g5 35. Re1+ Kd6 36. Ne2 Bxd5 37. Rbd1 Kc6 38. Nc3 Re6 39. Rxe6+ Bxe6 40. Re1 Re8 41. Kf2 Bd7 42. Rd1 Re6 43. Nd5 Rd6 44. Ne7+ Kc7 45. Nd5+ Kd8 46. Ne3 Rxd1 47. Nxd1 f4 48. gxf4 gxf4 49. Nb2 Bf5 50. Nd3 Bxd3 51. cxd3 Kd7 52. Kf3 Kd6 53. Kxf4 Kd5 54. Ke3 Ke5 55. h4 h5 56. Ke2 Kf4 57. Kd2 Kg4 58. d4 cxd4 59. b4 axb4 60. a5 b3 61. a6 b2 62. Kc2 d3+ 63. Kxb2 Kf3 64. a7 d2 65. a8Q+ Ke2 66. Qe4+ 1-0